zpět

Detail výsledku týmu

Questerland - Vinohrady, Praha

Datum a čas kvízu

32 Celkem bodů Celkový počet nahraných bodů na tomto kvízu bez doplňovacích otázek.
4. Pořadí na kvízu Konečné umístění týmu na tomto kvízu.

Zaznamenané odpovědi

# Otázka Odpověď Body Výsledky
1. Minulý týden se v Praze konal... půllitry s pivem 1
2. Minulé pondělí byly oznámeny k... Moldavsko (Moldávie) 1
3. Minulý pátek vyšlo již 12. stu... The Life of a Showgirl 1
4. Od 1. října už není možné žáda... Superdávka 0
5. Česká republika má od minulého... Linda Nosková 0
6. Wikipedii s nejvyšší pravděpod... z havajštiny 1
7. Fanoušci kvízu občas jistě se... A 1
8. Dobrým zdrojem informací jsou... Michal Suchánek, Richard Genzer 0
9. Mnemotechnické pomůcky se hodí... struny na kytaře (pořadí strun/tónů) 1
10. Někdy však k úspěchu v kvízu s... 1C 2A 3B 4D 1